Schaum's outline of theory and problems of advanced calculus (Record no. 8050)

000 -LEADER
fixed length control field 01178 a2200289 4500
020 ## - INTERNATIONAL STANDARD BOOK NUMBER
International Standard Book Number 0071375678
040 ## - CATALOGING SOURCE
Original cataloging agency Library of Congress
Language of cataloging English
082 00 - DEWEY DECIMAL CLASSIFICATION NUMBER
Classification number 515.076
100 1# - MAIN ENTRY--PERSONAL NAME
Personal name Wrede, Robert C.
245 10 - TITLE STATEMENT
Title Schaum's outline of theory and problems of advanced calculus
246 30 - VARYING FORM OF TITLE
Title proper/short title Theory and problems of advanced calculus
246 30 - VARYING FORM OF TITLE
Title proper/short title Advanced calculus
250 ## - EDITION STATEMENT
Edition statement 2nd ed. /
Remainder of edition statement Robert Wrede, Murray R. Spiegel.
260 ## - PUBLICATION, DISTRIBUTION, ETC.
Place of publication, distribution, etc. New York :
Name of publisher, distributor, etc. McGraw Hill,
Date of publication, distribution, etc. c2002.
300 ## - PHYSICAL DESCRIPTION
Extent viii, 433 p. :
Other physical details ill. ;
Dimensions 28 cm.
490 0# - SERIES STATEMENT
Series statement Schaum's outline series
500 ## - GENERAL NOTE
General note Rev. ed. of: Schaum's outline of theory and problems of advanced calculus / Deborah C. Arangno, Murray R. Spiegel. c2000.
500 ## - GENERAL NOTE
General note Includes index.
650 #0 - SUBJECT ADDED ENTRY--TOPICAL TERM
Topical term or geographic name entry element Calculus
650 #0 - SUBJECT ADDED ENTRY--TOPICAL TERM
Topical term or geographic name entry element Calculus
700 1# - ADDED ENTRY--PERSONAL NAME
Personal name Spiegel, Murray R.
700 1# - ADDED ENTRY--PERSONAL NAME
Personal name Arangno, Deborah C.
856 42 - ELECTRONIC LOCATION AND ACCESS
Materials specified Publisher description
Uniform Resource Identifier <a href="http://www.loc.gov/catdir/description/mh031/2002282157.html">http://www.loc.gov/catdir/description/mh031/2002282157.html</a>
856 42 - ELECTRONIC LOCATION AND ACCESS
Materials specified Table of contents
Uniform Resource Identifier <a href="http://www.loc.gov/catdir/toc/mh031/2002282157.html">http://www.loc.gov/catdir/toc/mh031/2002282157.html</a>
856 42 - ELECTRONIC LOCATION AND ACCESS
Materials specified Contributor biographical information
Uniform Resource Identifier <a href="http://www.loc.gov/catdir/enhancements/fy0739/2002282157-b.html">http://www.loc.gov/catdir/enhancements/fy0739/2002282157-b.html</a>
942 ## - ADDED ENTRY ELEMENTS (KOHA)
Koha item type Book
Call number prefix 515.076 WRE
Source of classification or shelving scheme
Holdings
Withdrawn status Lost status Damaged status Not for loan Collection code Permanent Location Current Location Shelving location Date acquired Source of acquisition Cost, normal purchase price Total Checkouts Total Renewals Full call number Barcode Date last seen Date last checked out Price effective from Koha item type
          Central Library (CL) Central Library (CL) General Stacks 02/04/2003 Allied Book Company 906.59 4 3 515.076 WRE SEECS003049 12/21/2022 07/02/2021 01/05/2017 Book
© 2023 Central Library, National University of Sciences and Technology. All Rights Reserved.